000 00444nam a2200181Ia 4500
001 10027
005 20260306161801.0
008 260306t2008||||xx |||||||||||||| ||spa||
041 _aESP
082 _aPE 869.56
_bV32B
100 _aVargas Llosa, Mario
_eAUT
245 0 _aMario Vargas Llosa:
_bla libertad y la vida
260 _c2008
300 _a250 páginas :
_c30 cm.
650 _aGEN
654 _aCHU
942 _cLIB
_dJUS
_fJUS
_2ddc
_n
999 _c10027
_d10027